Les jours fériés aux États-Unis - Statistiques

Statistiques générales
  • Ce quiz a été pris 116 fois
  • Le résultat moyen est 3 sur 11
Statistiques - réponses
Date Nom du jour % Correct
4ème jeudi de novembre Thanksgiving Day
89%
1 janvier New Year's Day
85%
25 décembre Christmas Day
84%
4 juillet Independence Day
28%
1er lundi de septembre Labor Day
18%
Dernier lundi de mai Memorial Day
9%
3ème lundi de février President's Day
5%
11 novembre Veteran's Day
4%
2ème lundi d'octobre Columbus Day
3%
3ème lundi de janvier Martin Luther King Junior Day
3%
19 juin Juneteenth
2%
Aucun quiz correspondant
Distribution des résultats
% des personnes avec chaque résultat
Percentile par nombre de réponses
Votre historique - résultats
Vous n’avez pas pris ce quiz